Fortalecimiento del Sistema de Gestión de Laboratorio según lo dispuesto en la norma ISO/IEC 17025 (2017) para la acreditación de un laboratorio en una empresa de alimentos ubicada en Liberia, Guanacaste.
Tallennettuna:
| Päätekijä: | |
|---|---|
| Muut tekijät: | |
| Aineistotyyppi: | Kirja |
| Kieli: | Spanish |
| Julkaistu: |
San José, Costa Rica
2022
|
| Aiheet: | |
| Tagit: |
Lisää tagi
Ei tageja, Lisää ensimmäinen tagi!
|
MARC
| LEADER | 00000nam a2200000Ia 4500 | ||
|---|---|---|---|
| 003 | 013650 | ||
| 005 | 20230612115848.0 | ||
| 008 | 140114s2022 cr a 000 ||spa d | ||
| 040 | |c cru CEDI | ||
| 100 | |9 658 |a Miranda Quesada, Jocelyn Estrella, 1997- | ||
| 245 | |a Fortalecimiento del Sistema de Gestión de Laboratorio según lo dispuesto en la norma ISO/IEC 17025 (2017) para la acreditación de un laboratorio en una empresa de alimentos ubicada en Liberia, Guanacaste. | ||
| 260 | |a San José, Costa Rica |c 2022 | ||
| 500 | |a Práctica dirigida(licenciatura en ingeniería química)--Universidad de Costa Rica. Facultad de Ingeniería. Escuela de Ingeniería Química | ||
| 501 | |a Directora de Práctica Dirigida de Graduación: Ing. Paula Solano Sánchez, M.Sc. | ||
| 650 | |x CONTROL DE CALIDAD |x CALIBRACION - NORMAS |x LABORATORIOS - CONTROL DE CALIDAD - NORMAS |x MEDICION | ||
| 700 | |9 15 |a Solano Sánchez, Paula Raquel, 1976- |d Directora del TFG | ||
| 942 | |c CEDI |h TFG 8801 |6 TFG_8801_000000000000000 | ||
| 999 | |c 15369 |d 15369 | ||
